Petricor de los Montes de María (Registro nro. 321889)

Detalles MARC
000 -ENCABEZADO
Número de control [NR] 01181nam a22002417a 4500
005 - FECHA Y HORA DE LA ÚLTIMA TRANSACCIÓN
control field 20221128091042.0
008 - DE LONGITUD FIJA DE DATOS DE ELEMENTOS - INFORMACIÓN GENERAL
Elementos de longitud fija [NR] 221123s2022 ck a|||f |||| 00| 0 spa d
020 ## - NUMERO INTERNACIONAL NORMALIZADO PARA LIBROS [R]
Número Internacional Normalizado del libro [NR] 9789584967626
040 ## - FUENTE DE CATALOGACION [NR]
Quien Cataloga Sandra Yazo (modificó)
Quien Clasifica Sandra Yazo (modificó)
041 0# - CODIGO DE IDIOMA [R]
Código de idioma para texto/pista de sonido o título separado [R] Español
082 04 - NUMERO DE CLASIFICACION DECIMAL DEWEY [R]
Número de la edición [NR] 20
Número de clasificación [R] Co863.05
092 ## - SIGNATURA TOPOGRAFICA LOCAL
Número de clasificación local E63N132
100 1# - ASIENTO PRINCIPAL--NOMBRE PERSONAL [NR]
Nombre personal [NR] Morante Narváez, Moises Eduardo,
Fechas asociadas con el nombre [NR] 1956- 1956
ID Autoridad 176181
245 10 - MENCION DE TITULO [NR]
Título [NR] Petricor de los Montes de María
Mención de responsabilidad, etc. [NR] Moisés Morante Narváez
260 ## - PUBLICACION, DISTRIBUCION, ETC. (PIE DE IMPRENTA) [R]
Lugar de publicación, distribución, etc. [R] Cartagena de Indias (Colombia)
Nombre del editor, distribuidor, etc. [R] Ediciones Casa-Díaz
Fecha de publicación, distribución, etc. [R] 2022
300 ## - DESCRIPCION FISICA [R]
Extensión [R] 113 páginas
Otros detalles físicos [NR] fotografías en blanco y negro
Dimensiones [R] 22 x 14 cm.
490 ## - MENCION DE SERIE [R]
Mención de serie [R] Coleccionable
Designación numérica/secuencial del volumen [NR] 5
500 ## - NOTA GENERAL [R]
Nota general [NR] Detalles físicos: Encuadernación flexible, tapas impresas a color. Portada impresa en una sola tinta. Texto en una columna. Varias fotografías a blanco y negro entre el texto. Ejemplar en buen estado de conservación. Donación al AHUR octubre 2022.
505 ## - NOTA DE CONTENIDO CON FORMATO PREESTABLECIDO [R]
Nota de contenido con formato preestablecido [NR] Monografía de los Montes de María ; La familia montemariana, una visión polisémica ; Vigotsky, el autor montemariano
506 ## - NOTA DE RESTRICCIONES DE ACCESO [R]
Condiciones de acceso [NR] Consulta en sala
650 #4 - ASIENTO SECUNDARIO DE MATERIA - TERMINO TEMATICO [R]
9 (RLIN) 87288
Término temático o nombre geográfico como elemento de entrada [NR] Cuentos colombianos
Subdivisión cronológica [R] Siglo XXI
942 ## - ELEMENTOS DE ENTRADA AGREGADOS (KOHA)
Sistema de clasificación LOCAL
Tipo de ítem principal el descrito en 300a Libro
Edición 1
Clasificación E63N132
Existencias
Suprimido Perdido Sistema de clasificación Dañado No prestable Tipo de ítem específico Ubicación habitual Ubicación actual Localización Fecha de creación Forma de adquisición Signatura topográfica Código de barras Última vez visto Ejemplar Price effective from Tipo de ítem
    LOCAL     Libro archivo Archivo Histórico Archivo Histórico Archivo histórico 25/11/2022 Donación E63N132 L006799 25/11/2022 Ej.1 25/11/2022 Libro